Estudio de prefactibilidad del proyecto “construcción de 700cml. de concreto rígido de calle, en el barrio Jonathan González, distrito i, de la ciudad de Managua

La investigación presenta el estudio de prefactibilidad de 700 metros lineales (ml) de concreto hidráulico, el cual cuenta con un diagnóstico situacional actual de la zona, un estudio técnico con los requerimientos necesarios para la construcción, el presupuesto de construcción y el anális...

Full description

Bibliographic Details
Main Authors: Lumbi Zelaya, Carlos José, Padilla Martínez, Betsy Nadia
Other Authors: Tutor: Molina Lagos. Yader
Format: Tesis Section = Libro
Language:Undetermined
Spanish
Published: Managua UNI 2020
Subjects:
LEADER 01674nam a2200289Ia 4500
008 240830s9999 xx 000 0 und d
040 |a BIBLIOTECA-RUPAP Mon 625.7 L 957 
041 |a spa 
082 |a Mon 625.7 L 957 
100 1 |a Lumbi Zelaya, Carlos José 
100 1 |b  Padilla Martínez, Betsy Nadia 
245 1 0 |a Estudio de prefactibilidad del proyecto “construcción de 700cml. de concreto rígido de calle, en el barrio Jonathan González, distrito i, de la ciudad de Managua 
260 |a Managua  |b UNI  |c 2020 
300 |a 82 p. :il. 
500 |a Contiene: anexos y CD. 
502 |a Tesis (Ingeniero Civil)- UNI, 2020. 
520 3 |a La investigación presenta el estudio de prefactibilidad de 700 metros lineales (ml) de concreto hidráulico, el cual cuenta con un diagnóstico situacional actual de la zona, un estudio técnico con los requerimientos necesarios para la construcción, el presupuesto de construcción y el análisis socioeconómico proveniente del proyecto. El revestimiento con concreto hidráulico de este tramo de calle será de mucho beneficio, tanto para los pobladores del distrito, como para los conductores que transitan por dicho sector, proporcionará muchos benéficos a nivel de vialidad y un incremento sustancial en el nivel de vida de la comunidad. 
650 7 |a CONSTRUCCION DE CALLES-MANAGUA -NICARAGUA 
650 7 |b ESTUDIO DE FACTIBILIDAD 
650 7 |c PAVIMENTO DE CONCRETO HIDRAULICO 
650 7 |d EVALUACION SOCIOECONOMICA-PROYECTOS 
650 7 |e ESTUDIO DE TRANSITO 
650 7 |f ESTUDIO GEOMETRICO 
700 1 |a Tutor:  |b Molina Lagos. Yader 
942 |c BK  |2 ddc 
991 |a TESIS 
999 |c 15980